000 00452nam a2200181Ia 4500
005 20230805114813.0
008 131103s9999 xx 000 0 und d
040 _aLoreto College
041 _aEnglish
082 _a920
_bLOC
245 _aBiography Of Today
_cEdited by C.H.Lockitt
260 _aLondon
_bLongmans
_c1944
300 _a184 p.
650 _aBiography - collection
700 _aLockitt,C.H.,ed.
850 _aLCLIB
942 _cBK
999 _c12333
_d62812